01875cam a2200289 i 4500999001700000001000900017005001700026008004100043010001700084020003800101020003500139040002800174042000800202050003200210082000700242100002900249245005100278250012100329300003800450504005100488505078200539650002401321700002501345906004501370942003601415952013401451 c13011d130111822653220190131101855.0140715t20152015nyua b 001 0 eng  a 2014027462 a9780393936728 (pbk. : alk. paper) a0393936724 (pbk. : alk. paper) aDLCbengcDLCerdadDLC apcc00aQH308.2.D57 2015b.D57 2015002231 aSingh-Cundy Anueauthor.10aDiscover biology.cAnu Singh Cundy , Gary Shin aSixth edition /bAnu Singh-Cundy, Western Washington University, Gary Shin, California State University, Long Beach. axxiv,807p;bill,[some col]c28cm. aIncludes bibliographical references and index.0 aThe nature of Science and the characteristics of life -- Unit 1. Cells: the basic units of life. The chemistry of life -- Cell structure and internal compartments -- Cell membranes, transport, and communication -- Energy, metabolism, and enzymes -- Photosynthesis and cellular respiration -- Cell division -- Cancer and human health -- Unit 2. Genetics. Patterns of inheritance -- Chromosomes and human genetics -- DNA and genes -- From gene to protein -- DNA technology -- Unit 3. Evolution. How evolution works -- The origins of species -- The evolutionary history of life -- Bacteria, archaea, and viruses -- Protista, plantae, and fungi -- Animalia -- Unit 4. The biosphere. Growth of populations -- Animal behavior -- Ecological communities -- Ecosystems -- Global change. 0aBiologyvTextbooks.1 aShin, Gary,eauthor. a7bcbccorignewd1eecipf20gy-gencatlg 2lcccBOOKShQH308.2.D57 201501 00102lcc4070aMUCbMUCcGENd2016-08-09eDonation (BFA)l2oQH308.2.D57 2015p24360r2024-11-25s2024-11-12w2016-08-09yBOOKS